Der geologische Bau des Sulitelma-Salojauregebietes in den nordskandinavischen Kaledoniden. (Record no. 28848)
[ view plain ]
| 000 -LEADER | |
|---|---|
| fixed length control field | 01131cam a22003011 4500 |
| 001 - CONTROL NUMBER | |
| control field | gs 54000151 |
| 003 - CONTROL NUMBER IDENTIFIER | |
| control field | DLC |
| 005 - DATE AND TIME OF LATEST TRANSACTION | |
| control field | 20260227111401.0 |
| 008 - FIXED-LENGTH DATA ELEMENTS--GENERAL INFORMATION | |
| fixed length control field | 900222s1953 sw af b 000 0 ger c |
| 010 ## - LIBRARY OF CONGRESS CONTROL NUMBER | |
| LC control number | gs 54000151 |
| 035 ## - SYSTEM CONTROL NUMBER | |
| System control number | (OCoLC)21110135 |
| 040 ## - CATALOGING SOURCE | |
| Original cataloging agency | U.S. Geol. Survey Libr. |
| Transcribing agency | CU |
| Modifying agency | CU |
| -- | DLC |
| 041 0# - LANGUAGE CODE | |
| Language code of text/sound track or separate title | ger |
| Language code of summary or abstract | eng |
| 042 ## - AUTHENTICATION CODE | |
| Authentication code | premarc |
| 050 00 - LIBRARY OF CONGRESS CALL NUMBER | |
| Classification number | QE282 |
| Item number | .A3 ser. C, no. 328 |
| 100 1# - MAIN ENTRY--PERSONAL NAME | |
| Personal name | Kautsky, G. |
| Fuller form of name | (Gunnar) |
| 245 04 - TITLE STATEMENT | |
| Title | Der geologische Bau des Sulitelma-Salojauregebietes in den nordskandinavischen Kaledoniden. |
| Remainder of title | With English summary. |
| 260 ## - PUBLICATION, DISTRIBUTION, ETC. | |
| Place of publication, distribution, etc. | Stockholm, |
| Name of publisher, distributor, etc. | Norstedt, |
| Date of publication, distribution, etc. | 1953. |
| 300 ## - PHYSICAL DESCRIPTION | |
| Extent | 232 p. |
| Other physical details | illus., plates, tables. |
| Dimensions | 24 cm. |
| 490 1# - SERIES STATEMENT | |
| Series statement | Sveriges geologiska undersökning. Ser. C. Avhandlingar och uppsatser, |
| Volume/sequential designation | n:o 528 |
| 440 #0 - SERIES STATEMENT/ADDED ENTRY--TITLE | |
| Title | Årsbok 46 (1952) |
| Volume/sequential designation | n:o 4 |
| 500 ## - GENERAL NOTE | |
| General note | Part of the illustrative matter is folded, part col., part in pocket. |
| 504 ## - BIBLIOGRAPHY, ETC. NOTE | |
| Bibliography, etc. note | "Angeführte Literatur": p. [229]-232. |
| 650 #0 - SUBJECT ADDED ENTRY--TOPICAL TERM | |
| Topical term or geographic name entry element | Geology |
| Geographic subdivision | Sweden |
| -- | Norrbotten. |
| 650 #0 - SUBJECT ADDED ENTRY--TOPICAL TERM | |
| Topical term or geographic name entry element | Petrology |
| Geographic subdivision | Sweden |
| -- | Norrbotten. |
| 830 #0 - SERIES ADDED ENTRY--UNIFORM TITLE | |
| Uniform title | Ser. C--Avhandlingar och uppsatser ; |
| Volume/sequential designation | n:o 528. |
| 830 #0 - SERIES ADDED ENTRY--UNIFORM TITLE | |
| Uniform title | Årsbok 46 (1952) ; |
| Volume/sequential designation | n:o 4. |
No items available.